Every Top 1 Demon Geometry Dash - Statistics

General Stats
  • This quiz has been taken 58 times
    20 since last reset
  • The average score is 20 of 40
Answer Stats
Creator Demon % Correct
Knobbleboy Bloodlust
92%
Zoink Tidal Wave
92%
Zoink Avernus
83%
Riot Bloodbath
83%
M2coL Demon Park
83%
SpaceUK Slaughterhouse
83%
Zoink Acheron
75%
Cyclic Sonic Wave
75%
nSwish The Golden
75%
Roadbose ICE Carbon Diablo X
67%
Dolphy Tartarus
67%
xander Zodiac
67%
Cursed Abyss of Darkness
58%
Gboy Cataclysm
58%
TrickGMD Firework
58%
Tygrysek Phobos
58%
Diamond Sakupen Circles
58%
BlackP2SFull Silent Club
58%
Trusta Yatagarasu
58%
Boldstep Erebus
50%
Noobas Sakupen hell
50%
Superhexagon Demon world
42%
Zeostar (Smokes) Plasma Pulse Finale
42%
ViPriN Artificial Ascent
33%
Ra7 BP Night
33%
Wooshi Crimson Planet
33%
ViPriN Digital Descent
33%
Rabbatical Extreme Park
33%
MaJak0 Stereo Demoness
33%
Sohn0924 The Hell World
33%
Sohn0924 The Hell Zone
33%
Darnoc2 To The Grave
33%
Exenity Athanatos
25%
DarkX Element 111 RG
25%
Ozpectro Fexty
25%
MaJak0 Future Demoness
25%
Roadbose Heaven and Hell
25%
Zephal Stalemate Redux
25%
Sohn0924 The Hell origin
25%
Koopi Theory of Darkness
25%
No matching quizzes found
Score Distribution
Percent of People with Each Score
Percentile by Number Answered
Your Score History
You have not taken this quiz since the last reset